| 000 | 00675nam a2200265Ia 4500 | ||
|---|---|---|---|
| 003 | OSt | ||
| 005 | 20221007111008.0 | ||
| 006 | a|||||r|||| 00| 0 | ||
| 007 | ta | ||
| 008 | 221006b |||||||| |||| 00| 0 eng d | ||
| 024 | _a22,337 | ||
| 037 | _cTextual | ||
| 040 |
_aLCO _cLCO _beng |
||
| 041 |
_2eng _aeng |
||
| 082 | _aX7291:(Z), L3 | ||
| 100 | _aChaturvedi K. | ||
| 245 | 0 | _aCentral Sales Tax Law | |
| 250 | _a3rd | ||
| 260 |
_aCalcutta _bEastern Law House India _c1973 |
||
| 300 | _a635 | ||
| 500 | _aRules & Notifications | ||
| 650 |
_aSALES TAX _9258895 |
||
| 942 |
_hX7291:(Z), L3 _cTEXL |
||
| 999 |
_c1191900 _d1191900 |
||